000 00747nam a2200241 a 4500
999 _c1850
_d1850
001 017680564
003 UkOxU
005 20230208083037.0
008 110616s2011 enka||| | |||| ||eng d
020 _a9780007432394 (pbk.)
035 _a(StEdALDL)1/2621734
040 _aStEdALDL
_cStEdALDL
_dUkOxU
_dKH8
082 _a793.01922 PEI
100 1 _aPeirce, Lincoln.
_eauthor
245 1 0 _aBig Nate boredom buster /
_cLincoln Peirce.
246 3 0 _aBoredom buster.
260 _aLondon :
_bHarper Collins Children's Books,
_c2011.
300 _a1 v. :
_bill. ;
_c20 cm.
650 0 _aBig Nate (Fictitious character)
_vJuvenile fiction
650 0 _aAmusements
_vJuvenile literature.
650 0 _aGames
_vJuvenile literature.
942 _2ddc
_cNFIC